000 00312nam a22001457a 4500
008 221118b ||||| |||| 00| 0 eng d
020 _a5714416
041 _aeng
080 _a159.9
082 _a159.9LIN
100 _a25
101 _aPSI
245 _aFOUNDATIONS OF PHYSICS
_cLINDSAY R
942 _2udc
_cBK
999 _c58961
_d58961